[Event "EU-ch U12 27th"]
[Site "Mamaia"]
[Date "2017.09.08"]
[Round "4"]
[White "Candelot, Clement"]
[Black "Protassov, Vlad"]
[Result "1/2-1/2"]
[WhiteElo "1939"]
[BlackElo "1778"]
[PlyCount "53"]
[EventDate "2017.09.05"]
[EventType "swiss"]
[EventRounds "9"]
[EventCountry "ROU"]
[SourceTitle "CBM 180 Extra"]
[Source "ChessBase"]
[SourceDate "2017.10.06"]
[SourceVersion "1"]
[SourceVersionDate "2017.10.06"]
[SourceQuality "1"]

1. e4 c6 2. Nc3 d5 3. Nf3 Bg4 4. h3 Bxf3 5. Qxf3 e6 6. d4 Nf6 7. Bd3 dxe4 8. Nxe4 Qxd4 9. 0-0 Nxe4 10. Bxe4 Nd7 11. Rd1 Qf6 12. Qg3 Qe5 13. Qf3 Rd8 14. Bf4 Qf6 15. Qg3 Be7 16. Bc7 Rc8 17. Bf4 Nc5 18. Bf3 0-0 19. b4 Na6 20. b5 Nb4 21. Be5 Qg6 22. Qxg6 hxg6 23. Rd7 Bf6 24. Bxf6 gxf6 25. c3 Nd5 26. c4 Nc7 27. bxc6 1/2-1/2

[Event "Wch U12"]
[Site "Pocos de Caldas"]
[Date "2017.08.23"]
[Round "3"]
[White "Candelot, Clement"]
[Black "Tsay, Vincent"]
[Result "1/2-1/2"]
[WhiteElo "1986"]
[BlackElo "2033"]
[PlyCount "89"]
[EventDate "2017.08.22"]
[EventType "swiss"]
[EventRounds "11"]
[EventCountry "BRA"]
[SourceTitle "CBM 180 Extra"]
[Source "ChessBase"]
[SourceDate "2017.10.06"]
[SourceVersion "1"]
[SourceVersionDate "2017.10.06"]
[SourceQuality "1"]

1. e4 e6 2. d4 d5 3. Nd2 c5 4. exd5 Qxd5 5. Ngf3 cxd4 6. Bc4 Qd6 7. 0-0 Nf6 8. Nb3 Nc6 9. Nbxd4 Nxd4 10. Qxd4 Qxd4 11. Nxd4 Bd7 12. c3 Bc5 13. Nb3 Be7 14. Be2 e5 15. Be3 0-0 16. Rad1 a5 17. f4 Bg4 18. Rfe1 exf4 19. Bxf4 Bxe2 20. Rxe2 Rfe8 21. Rde1 a4 22. Rxe7 Rxe7 23. Rxe7 axb3 24. axb3 Ra1+ 25. Kf2 Rb1 26. Rxb7 h6 27. c4 g5 28. Bg3 Rxb2+ 29. Kf3 Nh5 30. Be5 Rc2 31. Rc7 f6 32. Bd4 f5 33. g4 fxg4+ 34. Kxg4 Rxh2 35. Kf5 Rh3 36. c5 Rxb3 37. c6 Rf3+ 38. Ke6 Nf4+ 39. Kd6 Rd3 40. Rc8+ Kf7 41. Ke5 Ne6 42. c7 Nxc7 43. Rxc7+ Kg6 44. Ke4 Rd1 45. Rc6+ 1/2-1/2

[Event "FRA-ch U12"]
[Site "Belfort"]
[Date "2017.04.20"]
[Round "6.1"]
[White "Candelot, Clement"]
[Black "Papadiamandis, Elliot"]
[Result "1-0"]
[WhiteElo "1839"]
[BlackElo "1944"]
[PlyCount "73"]
[EventDate "2017.04.16"]
[EventType "swiss"]
[EventRounds "9"]
[EventCountry "FRA"]
[SourceTitle "EXT 2019"]
[Source "ChessBase"]
[SourceDate "2018.10.10"]
[SourceVersion "1"]
[SourceVersionDate "2018.10.10"]
[SourceQuality "1"]

1. e4 c5 2. Nf3 d6 3. Bb5+ Bd7 4. Bxd7+ Qxd7 5. c4 Nc6 6. Nc3 Nf6 7. d4 cxd4 8. Nxd4 g6 9. 0-0 Bg7 10. Re1 0-0 11. f3 Rac8 12. Nde2 Na5 13. b3 a6 14. a4 b6 15. Be3 Qb7 16. Rb1 Nc6 17. Qd2 Rfd8 18. Nf4 e6 19. Red1 Nd7 20. Nh3 Nc5 21. Kh1 Ne7 22. Bg5 Rc7 23. Nf2 h5 24. Bf4 Rcd7 25. b4 Bxc3 26. Qxc3 Nxa4 27. Qf6 Kh7 28. Qxf7+ Kh8 29. Rxd6 Nc6 30. Rxd7 Qxd7 31. Qxg6 Nc3 32. Qxh5+ Kg8 33. Re1 Qd4 34. Ng4 Rd7 35. Qg6+ Rg7 36. Nf6+ Kh8 37. Qh6+ 1-0